000 00535cam a2200169 4500500
005 20260111093431.0
041 _afre
042 _adc
100 1 0 _aVédrine, Hubert
_eauthor
700 1 0 _aBoniface, Pascal
_eauthor
700 1 0 _aLequesne, Christian
_eauthor
245 0 0 _aLa politique étrangère de la France en débat
260 _c2018.
500 _a31
786 0 _nEsprit | Mars | 3 | 2018-03-05 | p. 103-116 | 0014-0759
856 4 1 _uhttps://shs.cairn.info/revue-esprit-2018-3-page-103?lang=fr&redirect-ssocas=7080
999 _c1626337
_d1626337